[Event "fast KO  open"]
[Site "SchemingMind.com"]
[Date "2013.01.24"]
[Round "-"]
[White "Scooter"]
[Black "emvarela"]
[Result "0-1"]
[WhiteCountry "USA"]
[BlackCountry "ARG"]
[WhiteElo "1792"]
[WhiteRD "53"]
[BlackElo "1759"]
[BlackRD "49"]
[GameID "325722"]

1. d4 Nf6 2. Nf3 d5 3. Bf4 c5 4. e3 Nc6 5. c3 e6 6. Be2 Be7 7. O-O Bd7 8. Nbd2 O-O 9. h3 a6 10. Qc2 cxd4
11. exd4 h6 12. Ne5 Nxe5 13. Bxe5 Bc6 14. Nf3 Nd7 15. Bd3 Nxe5 16. Nxe5 Bd6 17. Nxc6 bxc6 18. Rfe1 c5 19. dxc5 Bxc5 20. Kf1 Qb6
21. b4 Bd6 22. Rab1 Rfc8 23. Qb3 a5 24. bxa5 Qxb3 25. Rxb3 Rxa5 26. Bb1 Ra3 27. Rxa3 Bxa3 28. Re3 Bb2 29. Re2 Bxc3 30. Rc2 Rb8
0-1

[Event "fast KO  open"]
[Site "SchemingMind.com"]
[Date "2013.01.28"]
[Round "-"]
[White "SAMAEL"]
[Black "Clive Everill"]
[Result "1-0"]
[WhiteCountry "CAN"]
[BlackCountry "CZE"]
[WhiteElo "1713"]
[WhiteRD "45"]
[BlackElo "1738"]
[BlackRD "55"]
[GameID "325723"]

1. Nf3 Nf6 2. Nc3 d5 3. d4 Bf5 4. e3 e6 5. Be2 c5 6. O-O Nc6 7. a3 Rc8 8. Bd2 a6 9. Rc1 c4 10. h3 h6
11. Nh2 Bd6 12. Ng4 Ne4 13. Nxe4 Bxe4 14. f4 O-O 15. Bf3 Bh7 16. c3 b5 17. Be1 Bd3 18. Be2 Bxe2 19. Qxe2 Na5 20. Rd1 Nb3
21. Nh2 Rb8 22. Nf3 Na5 23. Bh4 Qc7 24. Ne5 f6 25. Ng4 Nc6 26. Kh1 Ne7 27. Be1 f5 28. Ne5 Kh7 29. Bh4 Ng6 30. Nxg6 Kxg6
31. g4 Kh7 32. gxf5 exf5 33. Rg1 Qf7 34. Rd2 Rbe8 35. Qf3 Be7 36. Bxe7 Rxe7 37. Rdg2 Rg8 38. Rg6 Rd7 39. Rxa6 Rb8 40. Qg3 Rbb7
41. Qg6+ Qxg6 42. Rgxg6 Kg8 43. Rgb6 Rxb6 44. Rxb6 g5 45. Rxb5 g4 46. hxg4 fxg4 47. a4 h5 48. a5 Kf7 49. a6 Rd8 50. a7 Ra8
51. Rb7+ Kf6 52. Kg2 Kf5 53. Kg3 Ke4 54. Re7+ Kd3 55. f5 Kc2 56. f6 Kxb2 57. f7 Kxc3 58. Re8 Rxa7 59. f8=Q Ra1 60. Qf2 Rd1
61. Ra8 Kd3 62. Ra3+ c3 63. Kf4 Rd2 64. Qf1+
1-0

[Event "fast KO  open"]
[Site "SchemingMind.com"]
[Date "2013.01.24"]
[Round "-"]
[White "emvarela"]
[Black "Scooter"]
[Result "1/2-1/2"]
[WhiteCountry "ARG"]
[BlackCountry "USA"]
[WhiteElo "1759"]
[WhiteRD "49"]
[BlackElo "1792"]
[BlackRD "53"]
[GameID "325730"]

1. e4 c6 2. d4 d5 3. Nc3 dxe4 4. Nxe4 Bf5 5. Ng3 Bg6 6. h4 h6 7. Nf3 Nd7 8. h5 Bh7 9. Bd3 Bxd3 10. Qxd3 Qc7
11. Bd2 Ngf6 12. O-O-O e6 13. Ne4 Be7 14. Nxf6+ Nxf6 15. Ne5 Bd6 16. Qe2 O-O-O 17. c4 Bxe5 18. dxe5 Nd7 19. f4 Nb6 20. Ba5 Rxd1+
21. Rxd1 Qe7 22. Bxb6 axb6 23. a3 Rd8 24. Rxd8+ Qxd8 25. Qd2 Qh4 26. Qd6= Qxf4+ 27. Kc2 Qf5+ 28. Kb3 Qxh5 29. Qf8+ Kc7 30. Qd6+ Kc8=
1/2-1/2

[Event "fast KO  open"]
[Site "SchemingMind.com"]
[Date "2013.01.28"]
[Round "-"]
[White "Clive Everill"]
[Black "SAMAEL"]
[Result "0-1"]
[WhiteCountry "CZE"]
[BlackCountry "CAN"]
[WhiteElo "1723"]
[WhiteRD "50"]
[BlackElo "1717"]
[BlackRD "52"]
[GameID "325731"]

1. e4 e5 2. f4 d6 3. Nf3 exf4 4. d4 Nf6 5. Nc3 Nc6 6. Bxf4 Be7 7. Bc4 h6 8. Qd2 Bg4 9. O-O-O Qd7 10. Rdf1 Bh5
11. Nh4 Nxe4 12. Nxe4 Bxh4 13. g3 Be7 14. Re1 O-O-O 15. Bb5 a6 16. Ba4 g5 17. Be3 f5 18. Nc3 d5 19. Bb3 Bf7 20. h4 Rhg8
21. hxg5 hxg5 22. Ref1 g4 23. Rh6 Na7 24. Qd3 Be6 25. Rfh1 Bf8 26. Rh7 Rg7 27. Rxg7 Qxg7 28. Ne2 Bd6 29. Bf4 c6 30. Bxd6 Rxd6
31. Nf4 Bd7 32. c3 Rh6 33. Rxh6 Qxh6 34. Qd2 Nb5 35. Kc2 Nd6 36. Qg2 Ne4 37. c4 dxc4 38. Bxc4 Qd6 39. Kd3 c5 40. d5 b5
41. Bb3 c4+ 42. Bxc4 bxc4+ 43. Kxc4 Qc5+ 44. Kd3 Bb5#
0-1

[Event "fast KO  open"]
[Site "SchemingMind.com"]
[Date "2013.01.25"]
[Round "-"]
[White "NAZRIZ1977"]
[Black "Timaeus"]
[Result "0-1"]
[WhiteCountry "WLS"]
[BlackCountry "JPN"]
[WhiteElo "1590"]
[WhiteRD "64"]
[BlackElo "1441"]
[BlackRD "73"]
[GameID "325851"]

1. c4 d5 2. g3 dxc4 3. Bg2 Nc6 4. Nf3 Nf6 5. O-O g6 6. Na3 Bg7 7. Nxc4 O-O 8. d3 Be6 9. Qa4 Bd5 10. Bf4 Re8
11. Rad1 a6 12. Qa3 b5 13. Na5 b4 14. Qa4 Nxa5 15. Qxa5 b3 16. axb3 Bxb3 17. Rc1 c6 18. Qxd8 Rexd8 19. Rxc6 a5 20. Be5 a4
21. Rfc1 Bh6 22. R1c3 Ng4 23. Bc7 Rdc8 24. h3 Nf6 25. Nd4 Nd5 26. R3c5 e6
0-1

[Event "fast KO  open"]
[Site "SchemingMind.com"]
[Date "2013.01.25"]
[Round "-"]
[White "Timaeus"]
[Black "NAZRIZ1977"]
[Result "1/2-1/2"]
[WhiteCountry "JPN"]
[BlackCountry "WLS"]
[WhiteElo "1468"]
[WhiteRD "78"]
[BlackElo "1675"]
[BlackRD "62"]
[GameID "325860"]

1. e4 d6 2. Nf3 e5 3. c4 f5 4. exf5 Bxf5 5. g3 Nf6 6. Bg2 Be7 7. Nh4 Bc8 8. Nc3 O-O 9. O-O Nc6 10. d3 Bg4
11. f3 Be6 12. Ne4 Nxe4 13. fxe4 Bxh4 14. gxh4 Qxh4 15. Be3 Bg4 16. Qe1 Qxe1 17. Raxe1 a5 18. a3 a4 19. h3 Be6 20. Rf2 Na5
21. Ref1 Nb3 22. Rxf8+ Rxf8 23. Rf2 Rxf2=
1/2-1/2

[Event "fast KO  open"]
[Site "SchemingMind.com"]
[Date "2013.01.31"]
[Round "-"]
[White "MazetaFighter"]
[Black "Coretismo"]
[Result "1/2-1/2"]
[WhiteCountry "GRE"]
[BlackCountry "ENG"]
[WhiteElo "1882"]
[WhiteRD "72"]
[BlackElo "2057"]
[BlackRD "79"]
[GameID "325956"]

1. e4 e5 2. Nf3 Nc6 3. Bc4 Nf6 4. d3 Be7 5. O-O O-O 6. Nc3 d6 7. a3 Bg4 8. h3 Bxf3 9. Qxf3 Nd4 10. Qd1 c6
11. Be3 d5 12. exd5 cxd5 13. Ba2 Nxc2 14. Qxc2 d4 15. Ne2 dxe3 16. fxe3 Qb6 17. Rf3 Rac8 18. Qb3 Qxb3 19. Bxb3 e4 20. dxe4 Nxe4
21. Bd5 Nf6 22. Bb3 Ne4 23. Bd5 Nd6 24. Nd4 Bf6 25. Raf1 Rc7 26. Kh1 Rfc8 27. Nf5 Nxf5=
1/2-1/2

[Event "fast KO  open"]
[Site "SchemingMind.com"]
[Date "2013.01.31"]
[Round "-"]
[White "Coretismo"]
[Black "MazetaFighter"]
[Result "1-0"]
[WhiteCountry "ENG"]
[BlackCountry "GRE"]
[WhiteElo "2054"]
[WhiteRD "82"]
[BlackElo "1704"]
[BlackRD "141"]
[GameID "325958"]

1. c4 Nf6 2. Nc3 e6 3. Nf3 d5 4. d4 c6 5. Bg5 Nbd7 6. e3 Qa5 7. Nd2 Bb4 8. Qc2 dxc4 9. Bxf6 Nxf6 10. Nxc4 Bxc3+
11. bxc3 Qc7 12. Bd3 O-O 13. e4 b6 14. e5 Nd5 15. Bxh7+
1-0

[Event "fast KO  open"]
[Site "SchemingMind.com"]
[Date "2013.01.28"]
[Round "-"]
[White "ray winteringham"]
[Black "NYNH"]
[Result "0-1"]
[WhiteCountry "ENG"]
[BlackCountry "USA"]
[WhiteElo "1513"]
[WhiteRD "52"]
[BlackElo "2052"]
[BlackRD "64"]
[GameID "326017"]

1. e4 c5 2. g3 Nc6 3. Bg2 Nf6 4. d3 d6 5. Be3 g6 6. Ne2 Bg7 7. c3 O-O 8. Nd2 e5 9. O-O Ng4 10. Nf3 Nxe3
11. fxe3 Bh6 12. Qd2 Be6 13. Rfe1 Qa5 14. Nc1 b5 15. a3 Qb6 16. b4 a5 17. Nb3 Bxb3 18. c4 axb4 19. axb4 Nxb4 20. cxb5 Qxb5
21. Reb1 Rxa1 22. Rxa1 Qxd3 23. Qxd3 Nxd3 24. Ra3 Bxe3+ 25. Kf1 c4 26. Ke2 Bc5 27. Rxb3 Nc1+
0-1

[Event "fast KO  open"]
[Site "SchemingMind.com"]
[Date "2013.01.29"]
[Round "-"]
[White "Gambiteer13"]
[Black "Phillip Beckett"]
[Result "0-1"]
[WhiteCountry "ENG"]
[BlackCountry "ENG"]
[WhiteElo "926"]
[WhiteRD "186"]
[BlackElo "1555"]
[BlackRD "48"]
[GameID "326018"]

1. e4 e5 2. f4 Qh4+ 3. g3 Qe7 4. d3 exf4 5. gxf4 Qh4+ 6. Kd2 Qxf4+ 7. Ke1 Qh4+ 8. Kd2 Bc5 9. Nf3 Qf2+ 10. Qe2 Be3+
11. Kd1 Qxe2+ 12. Bxe2 Bxc1 13. Kxc1 d6 14. Re1 Ne7 15. h4 Bg4 16. Nbd2 Nbc6
0-1

[Event "fast KO  open"]
[Site "SchemingMind.com"]
[Date "2013.01.28"]
[Round "-"]
[White "NYNH"]
[Black "ray winteringham"]
[Result "1-0"]
[WhiteCountry "USA"]
[BlackCountry "ENG"]
[WhiteElo "2052"]
[WhiteRD "64"]
[BlackElo "1513"]
[BlackRD "52"]
[GameID "326021"]

1. d4 d5 2. Nf3 Nf6 3. c4 e6 4. g3 Be7 5. Bg2 c6 6. O-O b6 7. Qc2 Bb7 8. Nbd2 Nbd7 9. e4 h6 10. e5 Nh7
11. h4 Qc7 12. cxd5 cxd5 13. Qxc7
1-0

[Event "fast KO  open"]
[Site "SchemingMind.com"]
[Date "2013.01.29"]
[Round "-"]
[White "Phillip Beckett"]
[Black "Gambiteer13"]
[Result "1-0"]
[WhiteCountry "ENG"]
[BlackCountry "ENG"]
[WhiteElo "1555"]
[WhiteRD "48"]
[BlackElo "926"]
[BlackRD "186"]
[GameID "326022"]

1. e4 e5 2. Nf3 b6 3. Nc3 Bd6 4. Bc4 Ne7 5. d3 O-O 6. O-O Nbc6 7. a3 Bb7 8. Nb5 Bc5 9. b4 Bxf2+ 10. Rxf2 a5
11. Bd2 Ba6 12. Ng5 d5 13. exd5 Nd4 14. Nxd4
1-0

[Event "fast KO  open"]
[Site "SchemingMind.com"]
[Date "2013.01.30"]
[Round "-"]
[White "Adrian Grajczak"]
[Black "ampp"]
[Result "1-0"]
[WhiteCountry "POL"]
[BlackCountry "POR"]
[WhiteElo "2088"]
[WhiteRD "69"]
[BlackElo "1253"]
[BlackRD "66"]
[GameID "326141"]

1. d4 Nf6 2. c4 e6 3. g3 Bb4+ 4. Bd2 Bxd2+ 5. Qxd2 O-O 6. Bg2 d5 7. cxd5 exd5 8. Nc3 Nc6 9. Nf3 Re8 10. O-O Ne4
11. Qc2 Nb4 12. Qb3 Nxc3 13. bxc3 Nc6 14. e3 h6 15. Nd2 Na5 16. Qxd5 Qxd5 17. Bxd5 c6 18. Bg2 Be6 19. Rfb1 b5 20. a4 Nc4
21. Nxc4 bxc4 22. Bxc6
1-0

[Event "fast KO  open"]
[Site "SchemingMind.com"]
[Date "2013.01.30"]
[Round "-"]
[White "ampp"]
[Black "Adrian Grajczak"]
[Result "0-1"]
[WhiteCountry "POR"]
[BlackCountry "POL"]
[WhiteElo "1250"]
[WhiteRD "65"]
[BlackElo "2112"]
[BlackRD "71"]
[GameID "326147"]

1. e4 c5 2. Nf3 d6 3. Bb5+ Bd7 4. Bxd7+ Qxd7 5. O-O Nc6 6. c3 Nf6 7. Re1 e6 8. e5 dxe5 9. Nxe5 Nxe5 10. d4 Nc6
11. Bf4 cxd4 12. cxd4 Qxd4 13. Qxd4 Nxd4
0-1

[Event "fast KO  open"]
[Site "SchemingMind.com"]
[Date "2013.02.25"]
[Round "-"]
[White "spoke"]
[Black "NYNH"]
[Result "0-1"]
[WhiteCountry "GER"]
[BlackCountry "USA"]
[WhiteElo "1751"]
[WhiteRD "67"]
[BlackElo "2042"]
[BlackRD "66"]
[GameID "327641"]

1. e4 c5 2. Nf3 d6 3. d4 cxd4 4. Nxd4 Nf6 5. Nc3 g6 6. Be3 Bg7 7. f3 Bd7 8. Qd2 Nc6 9. O-O-O Rc8 10. g4 Ne5
11. h4 h5 12. g5 Nh7 13. f4 Ng4 14. Bh3 Qa5 15. Kb1 O-O 16. f5 gxf5 17. Bxg4 fxg4 18. Nd5 Qd8 19. Nf5 Bxf5 20. exf5 Be5
21. g6 Nf6 22. Bh6 Nxd5 23. Qxd5 Qb6 24. b3 Bg7 25. Bxg7 Kxg7 26. f6+ exf6 27. Qxh5 fxg6 28. Qxg4 Qc7 29. Rh2 Kf7 30. h5 g5
31. Qf5 Rg8 32. Rf2 Qe7 33. Rdf1 Rcf8 34. h6 Rg6 35. h7 Kg7 36. Rh2 Rh8 37. Rfh1 Qf7 38. Qd3 d5 39. Rh5 b6 40. Rd1 Rxh7
41. Rxh7+ Kxh7 42. Qxd5 Qxd5 43. Rxd5 Rg7
0-1

[Event "fast KO  open"]
[Site "SchemingMind.com"]
[Date "2013.02.25"]
[Round "-"]
[White "NYNH"]
[Black "spoke"]
[Result "1-0"]
[WhiteCountry "USA"]
[BlackCountry "GER"]
[WhiteElo "2042"]
[WhiteRD "66"]
[BlackElo "1751"]
[BlackRD "67"]
[GameID "327642"]

1. d4 d5 2. Nf3 Nf6 3. c4 e6 4. g3 dxc4 5. Bg2 c6 6. Ne5 Bb4+ 7. Bd2 Be7 8. e3 Qc7 9. Nxc4 O-O 10. O-O Nbd7
11. Nba3 Nd5 12. Rc1 N7b6 13. Ne5 f6 14. Nd3 Bxa3 15. bxa3 Qf7 16. a4 Nd7 17. a5 e5 18. dxe5 Nxe5 19. Nxe5 fxe5 20. a6 b6
21. Rxc6 Bxa6 22. Rd6 Bb7 23. Qb3 Rad8 24. Bb4 Nxb4 25. Qxf7+ Kxf7 26. Rxd8 Rxd8 27. Bxb7 Rd7 28. Be4 g6 29. a3 Na6 30. Rc1 Nc5
31. Bc6 Rd3 32. a4 Ra3 33. Rd1 Rd3 34. Rxd3 Nxd3 35. Kf1 Ke6 36. Ke2 Nb4 37. Be4 a6 38. Kd2 b5 39. axb5 axb5 40. Kc3 Nd5+
41. Kb3 Kd6 42. Bd3 Kc5 43. e4 Nb4 44. Bb1 Nc6 45. Kc3 h5 46. h4 Nd4 47. Bd3 Ne6 48. Be2 Nd4 49. Bd1 Nc6 50. f4 exf4
51. gxf4 Nd4 52. Kd3 b4 53. Ba4 Ne6 54. Ke3 Kc4 55. f5 gxf5 56. exf5 Nf8 57. Kf4 b3 58. Kg5 Nd7 59. Bxb3+ Kxb3 60. f6 Kc4
61. f7
1-0

[Event "fast KO  open"]
[Site "SchemingMind.com"]
[Date "2013.03.18"]
[Round "-"]
[White "Adrian Grajczak"]
[Black "emvarela"]
[Result "1-0"]
[WhiteCountry "POL"]
[BlackCountry "ARG"]
[WhiteElo "2110"]
[WhiteRD "72"]
[BlackElo "1779"]
[BlackRD "51"]
[GameID "328507"]

1. d4 Nf6 2. c4 e6 3. g3 c5 4. d5 exd5 5. cxd5 d6 6. Bg2 b5 7. e4 Ba6 8. Ne2 Qa5+ 9. Bd2 b4 10. O-O Bxe2
11. Qxe2 Qb6 12. e5 dxe5 13. Qxe5+ Kd7 14. Qf5+ Kd8 15. Bg5 Nd7 16. Nd2 Rc8 17. Nc4 Qa6 18. b3 Be7 19. d6 Bxd6 20. Rad1 Rc6
21. Bxc6 Qxc6 22. Rxd6
1-0

[Event "fast KO  open"]
[Site "SchemingMind.com"]
[Date "2013.03.18"]
[Round "-"]
[White "emvarela"]
[Black "Adrian Grajczak"]
[Result "0-1"]
[WhiteCountry "ARG"]
[BlackCountry "POL"]
[WhiteElo "1765"]
[WhiteRD "48"]
[BlackElo "2173"]
[BlackRD "67"]
[GameID "328513"]

1. e4 c5 2. Nf3 d6 3. d4 cxd4 4. Nxd4 Nf6 5. Nc3 a6 6. Be3 e5 7. Nb3 Be6 8. Nd5 Nbd7 9. Nxf6+ Nxf6 10. f3 h5
11. Bd3 d5 12. Qd2 dxe4 13. Bxe4 Nxe4 14. Qxd8+ Rxd8 15. O-O Bxb3 16. axb3 Nd6 17. Rad1 Be7 18. Rd5 f6 19. Rfd1 Nf5 20. Bb6 Rxd5
21. Rxd5 Nd6 22. Kf2 Kf7 23. Bc5 Ke6 24. Bxd6 Bxd6 25. c4 Rc8 26. Ke3 Bc5+ 27. Kd3 Bd4 28. b4 Bxb2 29. f4 b5 30. f5+ Kxf5
31. c5 Ba3 32. Kc3 a5 33. bxa5 Rxc5+ 34. Rxc5 Bxc5
0-1

[Event "fast KO  open"]
[Site "SchemingMind.com"]
[Date "2013.03.20"]
[Round "-"]
[White "Phillip Beckett"]
[Black "Timaeus"]
[Result "1-0"]
[WhiteCountry "ENG"]
[BlackCountry "JPN"]
[WhiteElo "1550"]
[WhiteRD "49"]
[BlackElo "1441"]
[BlackRD "73"]
[GameID "328827"]

1. e4 e5 2. Nf3 d6 3. d4 exd4 4. Nxd4 f6 5. Nc3 Ne7 6. Bd3 Nd7 7. O-O b6 8. Ne6 Ba6 9. Nxd8 Rxd8 10. Bxa6 g5
11. Qh5+ Ng6 12. f4
1-0

[Event "fast KO  open"]
[Site "SchemingMind.com"]
[Date "2013.03.20"]
[Round "-"]
[White "Timaeus"]
[Black "Phillip Beckett"]
[Result "1/2-1/2"]
[WhiteCountry "JPN"]
[BlackCountry "ENG"]
[WhiteElo "1441"]
[WhiteRD "73"]
[BlackElo "1550"]
[BlackRD "49"]
[GameID "328829"]

1. c4 e5 2. e4 Nf6 3. d3 Bb4+ 4. Bd2 Bxd2+ 5. Nxd2 d6 6. Be2 Be6 7. Bf3 O-O 8. Ne2 c5 9. O-O Nc6 10. g3 Nd4=
1/2-1/2

[Event "fast KO  open"]
[Site "SchemingMind.com"]
[Date "2013.04.09"]
[Round "-"]
[White "SAMAEL"]
[Black "Coretismo"]
[Result "0-1"]
[WhiteCountry "CAN"]
[BlackCountry "ENG"]
[WhiteElo "1731"]
[WhiteRD "56"]
[BlackElo "2036"]
[BlackRD "78"]
[GameID "329718"]

1. Nf3 Nf6 2. Nc3 d5 3. d4 c5 4. e3 Nc6 5. h3 e6 6. Be2 Be7 7. O-O O-O 8. Bd2 Ne4 9. a3 Bf6 10. Be1 a6
11. Nh2 cxd4 12. exd4 Nxd4 13. Rb1 Bd7 14. Bd3 Bc6 15. Nf3 Nxf3+ 16. Qxf3 Nxc3 17. bxc3 e5 18. Qd1 e4 19. Be2 Qe7 20. c4 d4
21. f4 Rfd8 22. Bb4 Qc7 23. Bc5 b5 24. Bb4 Rab8 25. Qe1 Re8 26. cxb5 axb5 27. Qc1 Bd5 28. Be1 Bc4 29. Qd1 Qa7 30. Bxc4 bxc4
31. Bb4 e3 32. Qe2 d3 33. cxd3 cxd3
0-1

[Event "fast KO  open"]
[Site "SchemingMind.com"]
[Date "2013.04.09"]
[Round "-"]
[White "Coretismo"]
[Black "SAMAEL"]
[Result "1-0"]
[WhiteCountry "ENG"]
[BlackCountry "CAN"]
[WhiteElo "2057"]
[WhiteRD "79"]
[BlackElo "1716"]
[BlackRD "51"]
[GameID "329720"]

1. e4 e5 2. Nf3 Nc6 3. Bb5 d6 4. d4 exd4 5. Qxd4 Bd7 6. Bxc6 Bxc6 7. Nc3 Nf6 8. Bg5 Be7 9. O-O-O h6 10. h4 b6
11. e5 Nh7 12. Bxe7 Qxe7 13. exd6
1-0

[Event "fast KO  open"]
[Site "SchemingMind.com"]
[Date "2013.05.24"]
[Round "-"]
[White "Coretismo"]
[Black "NYNH"]
[Result "1-0"]
[WhiteCountry "ENG"]
[BlackCountry "USA"]
[WhiteElo "2033"]
[WhiteRD "78"]
[BlackElo "1984"]
[BlackRD "68"]
[GameID "332251"]

1. e4 c5 2. Nc3 d6 3. Bb5+ Bd7 4. Qe2 Nc6 5. Nf3 Nf6 6. O-O e5 7. Nd5 Be7 8. d3 O-O 9. Nxe7+ Qxe7 10. h3 a6
11. Bc4 b5 12. Bd5 Rab8 13. c3 Nd8 14. Be3 Ne6 15. d4 Nxd5 16. exd5 Nc7 17. dxe5 dxe5 18. Rfd1 Qd6 19. Ng5 Bf5 20. f3 Nxd5
21. Ne4 Qc6 22. Bxc5 Rfe8 23. Qf2 Bxe4 24. fxe4 Nf4 25. Rd6 Qc7 26. Rad1 Rbd8 27. Kh2 Rxd6 28. Bxd6 Qd7 29. Qc2 Rd8 30. c4 bxc4
31. Qxc4 Qb5 32. Bxe5 Ne6 33. Rxd8+ Nxd8 34. Qc7 Qe8 35. Qb8 Qf8 36. Bd6 Qe8 37. Bc7
1-0

[Event "fast KO  open"]
[Site "SchemingMind.com"]
[Date "2013.05.24"]
[Round "-"]
[White "NYNH"]
[Black "Coretismo"]
[Result "1-0"]
[WhiteCountry "USA"]
[BlackCountry "ENG"]
[WhiteElo "1997"]
[WhiteRD "70"]
[BlackElo "1995"]
[BlackRD "85"]
[GameID "332255"]

1. d4 d5 2. Nf3 Nf6 3. c4 c6 4. cxd5 cxd5 5. Nc3 Nc6 6. Bf4 Bf5 7. Rc1 e6 8. e3 Bd6 9. Bxd6 Qxd6 10. Bd3 Bxd3
11. Qxd3 O-O 12. O-O Rac8 13. a3 Na5 14. Rc2 a6 15. Na4 Rxc2 16. Qxc2 Nc4 17. Nc5 Qb6 18. Nd2 Qc7 19. Nxc4 dxc4 20. b3 cxb3
21. Qxb3 Rb8 22. Rb1 Qc6 23. Qb6 Qxb6 24. Rxb6 Nd5 25. Rxb7 Rxb7 26. Nxb7 Kf8 27. Nc5 a5 28. Kf1 Nc3 29. Ke1 a4 30. Kd2 Nb1+
31. Kd3 Nxa3 32. Nxa4 Nb5 33. Nc5 Ke7 34. e4 Kd6 35. f4 h5 36. g3 Nc7 37. Nb7+ Kd7 38. Kc4 f6 39. Kc5 g5 40. Na5 gxf4
41. gxf4 Na6+ 42. Kc4 Nc7 43. Nb3 e5 44. fxe5 fxe5 45. d5 Ne8 46. Nc5+ Kd6 47. Ne6 Nf6 48. Kd3 Ng4 49. h4 Nf2+ 50. Ke3 Ng4+
51. Kf3 Nf6 52. Nd8 Ke7 53. Nb7 Kd7 54. Na5 Ke7 55. Nc6+ Kd6 56. Na5 Kc5 57. Nc6 Kd6 58. Ke3 Ng4+ 59. Kd2 Nf6 60. Kd3 Ng4
61. Na5 Nf2+ 62. Ke3 Ng4+ 63. Kf3 Kc5 64. Nb3+ Kd6 65. Nd2 Kc5 66. Nf1 Kd6 67. Ng3 Kc5 68. Nxh5
1-0

[Event "fast KO  open"]
[Site "SchemingMind.com"]
[Date "2013.06.17"]
[Round "-"]
[White "Phillip Beckett"]
[Black "Adrian Grajczak"]
[Result "0-1"]
[WhiteCountry "ENG"]
[BlackCountry "POL"]
[WhiteElo "1553"]
[WhiteRD "51"]
[BlackElo "2247"]
[BlackRD "70"]
[GameID "333261"]

1. d4 Nf6 2. e3 d5 3. Nd2 c5 4. c3 e6 5. Bd3 Bd6 6. f4 O-O 7. Ndf3 Nc6 8. Ne5 Bd7 9. Ngf3 Rc8 10. O-O Qe7
11. Qe1 cxd4 12. exd4 Na5 13. Nxd7 Qxd7 14. Ne5 Qc7 15. Be3 Nc4 16. Bxc4 dxc4 17. Qh4 Nd5 18. Bd2 f6 19. Nf3 Bxf4 20. Bxf4 Qxf4
21. Qh3 Qe3+ 22. Kh1 Nf4 23. Qg3 Nd3 24. Rab1 e5 25. dxe5 fxe5 26. Nh4 Qxg3 27. hxg3 Rxf1+ 28. Rxf1 Rf8 29. Rxf8+ Kxf8 30. b3 cxb3
31. axb3 a5 32. Nf5 Nc1 33. Nd6 Nxb3 34. Nxb7 a4 35. Nd6 a3
0-1

[Event "fast KO  open"]
[Site "SchemingMind.com"]
[Date "2013.06.17"]
[Round "-"]
[White "Adrian Grajczak"]
[Black "Phillip Beckett"]
[Result "1-0"]
[WhiteCountry "POL"]
[BlackCountry "ENG"]
[WhiteElo "2191"]
[WhiteRD "70"]
[BlackElo "1588"]
[BlackRD "51"]
[GameID "333263"]

1. d4 d5 2. c4 e6 3. g3 Nf6 4. Nf3 Be7 5. Bg2 c6 6. O-O O-O 7. Qc2 Nbd7 8. Nbd2 dxc4 9. Nxc4 Nb6 10. a4 Nxc4
11. Qxc4 Qd5 12. Qc2 c5 13. Rd1 cxd4 14. Rxd4 Qa5 15. Bd2 Qb6 16. a5 Qc5 17. Rc4 Qd6 18. Bb4 Qd8 19. Bxe7 Qxe7 20. Rc7 Qd6
21. Rd1 Qa6 22. b4 Bd7 23. Ne5 Bb5 24. Bxb7
1-0

[Event "fast KO  open"]
[Site "SchemingMind.com"]
[Date "2013.09.20"]
[Round "-"]
[White "Coretismo"]
[Black "Adrian Grajczak"]
[Result "0-1"]
[WhiteCountry "ENG"]
[BlackCountry "POL"]
[WhiteElo "2028"]
[WhiteRD "89"]
[BlackElo "2150"]
[BlackRD "72"]
[GameID "338397"]

1. e4 c5 2. Nf3 Nc6 3. d4 cxd4 4. Nxd4 Qb6 5. c3 Nf6 6. Nxc6 dxc6 7. Qc2 e5 8. Be3 Bc5 9. Bxc5 Qxc5 10. Nd2 O-O
11. Bc4 Nh5 12. O-O Nf4 13. Rfe1 a5 14. Rac1 Bg4 15. Bf1 b5 16. c4 b4 17. Nb3 Qe7 18. f3 Bd7 19. Qf2 Ne6 20. c5 a4
21. Nd2 Ra5 22. Red1 Nd4 23. Nc4 Rxc5 24. Nb6 Rxc1 25. Rxc1 Be6 26. Nc4 f6 27. Ne3 Bxa2 28. Bc4+ Bxc4 29. Rxc4 Ra8 30. Nc2 a3
0-1

[Event "fast KO  open"]
[Site "SchemingMind.com"]
[Date "2013.09.21"]
[Round "-"]
[White "Adrian Grajczak"]
[Black "Coretismo"]
[Result "0-1"]
[WhiteCountry "POL"]
[BlackCountry "ENG"]
[WhiteElo "2149"]
[WhiteRD "69"]
[BlackElo "1996"]
[BlackRD "90"]
[GameID "338399"]

1. e4 e5 2. Nf3 Nc6 3. d4 exd4 4. c3 d5 5. exd5 Qxd5 6. cxd4 Bg4 7. Be2 Bb4+ 8. Nc3 Bxf3 9. Bxf3 Qc4 10. Bxc6+ bxc6
11. Qe2+ Qxe2+ 12. Kxe2 O-O-O 13. Be3 Nf6 14. Rac1 Rhe8 15. Rhd1 c5
0-1